| 000 | 01878nma a22002537a 4500 | ||
|---|---|---|---|
| 005 | 20210325194256.0 | ||
| 006 | g q || | ||
| 008 | s2546 th tha d | ||
| 041 | _atha | ||
| 090 | _aCD577/2 | ||
| 110 | 0 | _aมหาวิทยาลัยนเรศวร. คณะวิศวกรรมศาสตร์. ภาควิชาวิศวกรรมโยธา | |
| 245 | 1 | 0 | _aWeb site ของโครงการศึกษาฐานข้อมูลทางอุทกวิทยาลุ่มน้ำเจ้าพระยาระยะที่ 3 ปี 2546 [CD-ROM] |
| 260 | 3 |
_aพิษณุโลก : _bภาควิชาวิศวกรรมโยธา มหาวิทยาลัยนเรศวร, _c2546 |
|
| 300 | _a1 แผ่นsd., col. | ||
| 610 | _aมหาวิทยาลัยนเรศวร. คณะวิศวกรรมศาสตร์. ภาควิชาวิศวกรรมโยธา | ||
| 650 | 0 | 4 | _aฐานข้อมูลทางอุทกวิทยาลุ่มน้ำเจ้าพระยา -- วิจัย |
| 650 | 0 | 4 | _aลุ่มน้ำเจ้าพระยา -- ฐานข้อมูล -- วิจัย |
| 650 | 0 | 4 | _aอุทกวิทยา -- ลุ่มน้ำเจ้าพระยา -- วิจัย |
| 650 | 0 | 4 | _aอุทกวิทยา -- ลุ่มน้ำเจ้าพระยา -- วิจัยลุ่มน้ำเจ้าพระยา -- ฐานข้อมูล -- วิจัยฐานข้อมูลทางอุทกวิทยาลุ่มน้ำเจ้าพระยา -- วิจัย |
| 850 | _aNALT | ||
| 942 | _cCD | ||
| 997 |
_c000000000043555 _kVC |
||
| 998 | _aน.ส.อรอุษา โอภาสมงคลชัย | ||
| 999 |
_c43555 _d43555 |
||